Religion Quiz

Random Religion or Bible Quiz
Score 0/10 Timer 02:30
0 Plays Today
Question Answer Wrong Answers
Who parted the Red Sea in the book of Exodus? Moses
97.6%
Adam
0.1%
Jesus
1.2%
David
0.3%
What did Jesus turner the water into as told in the book of John? Wine
97.2%
Milk
0.4%
Beer
0.1%
Coca-Cola
0.1%
Who did the Lord hear his prayers to deliver him from the belly of a whale? Jonah
97.1%
Daniel
0.8%
David
0.2%
Lot
0.3%
Who delivered the baby Jesus through the Immaculate Conception? Mary
97%
Rachel
0.1%
Sarah
0.8%
Ruth
0.5%
Who did King Darius throw in the lions den to a near certain death? Daniel
96.9%
Samson
0.8%
Joseph
0.1%
Abel
0.2%
What food did Jesus give his disciples to feed all of the 5000 people as told in the book of Matthew? 5 loaves of bread & 2 fish
96.4%
3 sheep & 3 bowls of soup
0%
2 goats & 1 bowl of rice
0.1%
1 cow & 4 bags of beans
0.1%
What Biblical couple conceived a son at the ages of 100 (him) and 90 (her) years old in the book of Genesis? Abraham & Sarah
96%
Isaac & Rebekah
1.8%
Jacob & Rachel
1.4%
Boaz & Ruth
0.6%
What food did the Lord say to Moses, ‘I will rain down __ from heaven for you. The people are to go out each day and gather enough for that day’ in the book of Exodus? Manna
96%
Fish
2.2%
Grapes
0.5%
Porridge
0.1%
What did Jesus walk on to the astonishment of his disciples as told in the book of Matthew? Water
94.7%
Wine
0.6%
Clouds
0.4%
Hot coals
0.4%
How many days did it take God to create the world as told in the book of Genesis? 6
67.8%
7
27.3%
5
0.2%
4
0.1%
Remove Ads.
Support Sporcle.
Get the best of Sporcle when you Go Orange. This ad-free experience offers more features, more stats, and more fun while also helping to support Sporcle. Thank you for becoming a member.

You're not logged in!

Compare scores with friends on all Sporcle quizzes.
OR
Log In

Sporcle TV

Today on Sporcle TV


Watch our educational content, quiz creation guides, and fun videos on Sporcle TV.

Show Comments

Extras

Created Jul 10, 2018SourceReportNominate
Tags:Bible Quiz

Top Quizzes Today


Score Distribution

Paid Content

Your Account Isn't Verified!

In order to create a playlist on Sporcle, you need to verify the email address you used during registration. Go to your Sporcle Settings to finish the process.

Report this User

Report this user for behavior that violates our Community Guidelines.

Details: